000 00935nac a22002657a 4500
001 BR7900563
003 BR-BrBNA
005 20240105114357.0
008 230509b bl.|||m| |||| 00| 0 por d
040 _aBR-BrBNA
_bpor
_cBiblioteca Nacional de Agricultura
072 _aH10
090 _aH10 BR7900563
100 1 _aMatta, E.A.F.
100 1 _aOliveira, M.Z.A.
110 1 _aEmpresa de Pesquisa Agropecuaria da Bahia S.A., Salvador (Brasil)
_94094
245 1 _aEfeito da luz na esporulacao do fungo Metarrhizium anisopliae (Metsch)Sorok, "in vitro" [cigarrinha, controle biologico]
260 3 _aSalvador, BA (Brasil):
_c1978.
300 _a5 p.
490 _aComunicado Tecnico - Empresa de Pesquisa Agropecuaria da Bahia S.A. (Brazil)
_vno. 10
_xISSN 0100-4816
650 _aCIGARRINHA
650 _aFUNGO
650 _aCONTROLE BIOLOGICO
909 _a202312
_bLúcia Elande
_c55
_dLúcia Elande
942 _2AGRIS
_n0
_cMS
999 _c269008
_d269008